00456 2200181 4500001002100000005001500021035002000036008004100056245003800097100001600135250000600151260004100157300002800198084001400226082000800240650001400248990001200262INLIS00000000000004420240502103011 a0010-0424000020240502 0 ind 1 aFiqih Puasa Praktis /cBuya Yahya aYahya, Buya a1 aCirebon :bPustaka Al- Bahjah,c2016 a64 hlm ;c10 cm x 14 cm a200 BUY f a200 4aNon Fiksi a0737337